Jedzenie na literę A według obrazu - Statystyki

Ogólne statystyki
  • Ten quiz został rozwiązany 66 razy
  • Średni wynik to 5 z 10
Statystyki odpowiedzi
Obrazkowy Odpowiedź % Poprawnych
Ananas
98%
Arbuz
98%
Awokado
97%
Agrest
93%
Andruty
50%
Aronia
45%
Ajwar
10%
Acerola
3%
Amla
2%
Aktinidia
0%
Nie znaleziono quizów pasujących do podanych kryteriów
Rozkład punktacji
Procent ludzi z każdym wynikiem
Percentyl według liczby udzielonych odpowiedzi
Twoja historia wyników
Nie rozwiązałeś tego quizu